| 000 | 01073nam a2200229 a 4500 | ||
|---|---|---|---|
| 001 | 000024320 | ||
| 005 | 20240229073821.0 | ||
| 008 | 110126s2006 dr 000 0 spa d | ||
| 040 |
_aDO-SdBNP _bspa _cBNPHU |
||
| 082 |
_a346.0134 _bC737i |
||
| 245 | 0 | 0 |
_aCompilación de instrumentos nacionales e internacionales que favorecen a la mujer / _cCompiladora Yolanda Iluminada González Disla ; prólogo Jorge A. Subero Isa. |
| 260 |
_aSanto Domingo : _bPoder Judicial, Dirección de Niñez Adolescencia y Familia, División Mujer y Familia _fCorripio _c2006. |
||
| 300 |
_axii, 757 p. ; _c23 cm. |
||
| 504 | _aBibliografía : p. 751-757 | ||
| 590 | _aInventariado,2018/DG | ||
| 650 | 4 |
_aMujeres _xSituación legal _zRepública Dominicana _96395 |
|
| 650 | 4 |
_aDerechos de la mujer _zRepública Dominicana _92757 |
|
| 650 | 4 |
_aDiscriminación sexual contra la mujer _xLegislación _zRepública Dominicana _949895 |
|
| 700 | 1 | 2 |
_aGonzález Disla, Yolanda Iluminada _ecomp. _949896 |
| 700 | 1 | 2 |
_aSubero Isa, Jorge A., _d1947- _epról. _976863 |
| 910 | _aValidado. Control de calidad MFF | ||
| 999 |
_c23813 _d23813 |
||